Trade blocs

שמור ב:
מידע ביבליוגרפי
מחבר תאגידי: The World Bank
פורמט: ספר
שפה:Undetermined
יצא לאור: Washington, D. C. The World Bank 2000
נושאים:
תגים: הוספת תג
אין תגיות, היה/י הראשונ/ה לתייג את הרשומה!
Thư viện lưu trữ: Trung tâm Học liệu Trường Đại học Cần Thơ
LEADER 00461nam a2200181Ia 4500
001 CTU_61711
008 210402s9999 xx 000 0 und d
082 |a 338.9 
082 |b W927t 
110 |a The World Bank 
245 0 |a Trade blocs 
245 4 |c The World Bank 
260 |a Washington, D. C. 
260 |b The World Bank 
260 |c 2000 
650 |a Foreign trade 
904 |i Minh,Hải 
980 |a Trung tâm Học liệu Trường Đại học Cần Thơ